000 00355nam a2200157Ia 4500
008 230524s9999 xx 000 0 und d
082 _a413
_bSPE
100 _aW.R.Spencer
245 2 _aA Dictionary Of Computer
250 _a15TH
260 _aNEW DELHI
_bCBS
_c2003
300 _a393
500 _aQuantity Number: 2
650 _aComp-Sc
942 _cBK
999 _c428
_d428